00802nam a2200193 a 450000100100000000500170001000800410002704000250006810000370009324500560013026000620018630000210024849000260026959000750029583000330037004900090040395201790041299900170059100003272220200930065809.0110725s1996 dr 000 0 spa d aDO-SdBNPbspacBNPHU1 aLeón Silverio, Oscar de95857710aNostalgia de lo eterno /cOscar de León Silverio. aSanto Domingo :bAteneo Insular,c1996fEditora Teófilo a100 p. ;c22 cm.1 aInsulas extrañasv2 aPerteneció a la biblioteca personal de Juan Isidro Jimenes Grullón 0aInsulas extrañasn2958578 aBNPD 00107-18PDaPDbPDcOId2011-07-25iLF1l0o p32722-10r2020-06-25w2020-06-25yLFPDzPerteneció a la biblioteca personal de Juan Isidro Jimenes Grullón.ZNo se presta c32213d32213